[Event "AUT-chT2M 1920"]
[Site "Austria"]
[Date "2020.01.11"]
[Round "8.2"]
[White "Renner, Christoph"]
[Black "Pilaj, Herwig"]
[Result "0-1"]
[WhiteElo "2311"]
[BlackElo "2325"]
[PlyCount "56"]
[EventDate "2019.10.11"]
[EventType "team-tourn"]
[EventRounds "11"]
[EventCountry "AUT"]
[SourceTitle "CBM 194 Extra"]
[Source "ChessBase"]
[SourceDate "2020.03.31"]
[SourceVersion "1"]
[SourceVersionDate "2020.03.31"]
[SourceQuality "1"]
[WhiteTeam "Sauwald"]
[BlackTeam "Fuerstenfeld/Hartberg II"]
[WhiteTeamCountry "AUT"]
[BlackTeamCountry "AUT"]

1. e4 c5 2. Be2 Nc6 3. f4 d5 4. d3 g6 5. Nf3 Nf6 6. e5 Nh5 7. 0-0 Bh6 8. f5 Bxc1 9. Qxc1 Bxf5 10. Nh4 Ng7 11. Qh6 0-0 12. Nf3 f6 13. Nc3 Nd4 14. Bd1 Be6 15. exf6 exf6 16. Re1 Qb6 17. Rb1 Rae8 18. Qd2 Ngf5 19. Kh1 Qd6 20. g4 Nxf3 21. Bxf3 Nd4 22. Rxe6 Nxe6 23. Bxd5 b6 24. Qh6 Kh8 25. Rf1 Qe5 26. h4 Nd4 27. Rf2 Qe3 28. Ne4 Qxh6 0-1

[Event "Steyr Landesliga 1819"]
[Site "Austria"]
[Date "2019.01.26"]
[Round "7.2"]
[White "Pilaj, Herwig"]
[Black "Birk, Steffen"]
[Result "1/2-1/2"]
[WhiteElo "2341"]
[BlackElo "2224"]
[PlyCount "139"]
[EventDate "2018.10.06"]
[EventType "team-tourn"]
[EventRounds "11"]
[EventCountry "AUT"]
[SourceTitle "CBM 189 Extra"]
[Source "ChessBase"]
[SourceDate "2019.06.03"]
[SourceVersion "1"]
[SourceVersionDate "2019.06.03"]
[SourceQuality "1"]
[WhiteTeam "Feldbach Kirchberg"]
[BlackTeam "Graz Schachfreunde"]
[WhiteTeamCountry "AUT"]
[BlackTeamCountry "AUT"]

1. Nf3 d5 2. g3 Bg4 3. Bg2 Nd7 4. h3 Bh5 5. c4 e6 6. cxd5 exd5 7. d4 c6 8. Qb3 Qb6 9. Qe3+ Be7 10. Nh4 Bg6 11. Nc3 Nf8 12. Nxg6 hxg6 13. Qd3 Ne6 14. e3 Nf6 15. Bd2 a5 16. Rb1 Qa6 17. Qxa6 Rxa6 18. g4 0-0 19. 0-0 Re8 20. Rfd1 Nd7 21. Be1 Nb6 22. Bf1 Ra7 23. Kg2 Nc8 24. f3 g5 25. Bd3 g6 26. Bg3 Bd6 27. Bf2 Kg7 28. h4 gxh4 29. Bxh4 Nb6 30. Bf2 Raa8 31. Ne2 Rh8 32. Rh1 Na4 33. b3 Nb6 34. a4 Rxh1 35. Rxh1 Nd7 36. Be1 Bc7 37. Bd2 Bb6 38. Bc3 Bc7 39. Kf2 Bb6 40. Kg2 Bc7 41. e4 Rh8 42. Rxh8 Kxh8 43. e5 g5 44. Bf5 Ndf8 45. Kf2 b6 46. b4 axb4 47. Bxb4 Kg8 48. Be7 Bd8 49. Bd6 Bc7 50. Be7 Bd8 51. Ba3 f6 52. Bb2 Kf7 53. Bd3 fxe5 54. dxe5 Nc5 55. Bc2 Nfe6 56. Ng3 Be7 57. Nf5 Nf4 58. Ke3 Ng6 59. Nd6+ Bxd6 60. exd6 Nf8 61. Bd4 Nfe6 62. Be5 Ke8 63. Bf5 Kf7 64. Bc2 Nd7 65. Bg3 Kf6 66. Bf5 Ndc5 67. Bc2 Nd7 68. Bf5 Ndc5 69. Bc2 Nd7 70. Bf5 1/2-1/2

[Event "Steyr Landesliga 1819"]
[Site "Austria"]
[Date "2018.10.13"]
[Round "2.2"]
[White "Schachinger, Mario"]
[Black "Pilaj, Herwig"]
[Result "0-1"]
[WhiteElo "2406"]
[BlackElo "2341"]
[PlyCount "94"]
[EventDate "2018.10.06"]
[EventType "team-tourn"]
[EventRounds "11"]
[EventCountry "AUT"]
[SourceTitle "CBM 187 Extra"]
[Source "ChessBase"]
[SourceDate "2018.11.04"]
[SourceVersion "1"]
[SourceVersionDate "2018.11.04"]
[SourceQuality "1"]
[WhiteTeam "Leibnitz"]
[BlackTeam "Feldbach Kirchberg"]
[WhiteTeamCountry "AUT"]
[BlackTeamCountry "AUT"]

1. e4 c5 2. Nf3 Nc6 3. Bb5 g6 4. 0-0 Bg7 5. Re1 e5 6. c3 Nge7 7. Na3 0-0 8. Nc2 a6 9. Bf1 d5 10. d3 h6 11. exd5 Nxd5 12. Ne3 Be6 13. Nc4 Qc7 14. a4 Rad8 15. Qc2 b6 16. Bd2 Rfe8 17. h3 b5 18. axb5 axb5 19. Na3 Qb8 20. Rad1 Nc7 21. Be3 Bf8 22. Qc1 Bb3 23. Nc2 Kh7 24. Nd2 Bxc2 25. Qxc2 Nd5 26. Qb3 Kg7 27. Nf3 Nxe3 28. Rxe3 Re6 29. Ree1 Rde8 30. Ra1 Qb6 31. Nd2 Qb8 32. Ra6 Qb7 33. Rea1 Nd4 34. Qa2 Nc6 35. Ne4 Nb8 36. Ra7 Qc8 37. Ra8 Qc6 38. Nd2 Nd7 39. Ra6 Qb7 40. Ra7 Qc6 41. Qa5 Bd6 42. d4 exd4 43. Bxb5 Re1+ 44. Rxe1 Rxe1+ 45. Nf1 Qd5 46. cxd4 Rc1 47. Bxd7 Qc4 0-1

[Event "Steyr Landesliga 1718"]
[Site "Austria"]
[Date "2017.11.18"]
[Round "5.1"]
[White "Pilaj, Herwig"]
[Black "Benda, Herbert"]
[Result "1-0"]
[WhiteElo "2359"]
[BlackElo "2334"]
[PlyCount "87"]
[EventDate "2017.09.30"]
[EventType "team-tourn"]
[EventRounds "11"]
[EventCountry "AUT"]
[SourceTitle "EXT 2019"]
[Source "ChessBase"]
[SourceDate "2018.10.10"]
[SourceVersion "1"]
[SourceVersionDate "2018.10.10"]
[SourceQuality "1"]
[WhiteTeam "Feldbach Kirchberg"]
[BlackTeam "Spg ISR"]
[WhiteTeamCountry "AUT"]
[BlackTeamCountry "AUT"]

1. Nf3 d5 2. g3 Nf6 3. Bg2 c6 4. 0-0 h6 5. c4 Bf5 6. cxd5 cxd5 7. Qb3 Qb6 8. Qxb6 axb6 9. Nc3 e6 10. Nb5 Na6 11. d3 Be7 12. Be3 Nd7 13. Bf4 g5 14. Nd6+ Bxd6 15. Bxd6 Bg6 16. b4 f6 17. e4 dxe4 18. dxe4 e5 19. Nd2 Rd8 20. Nc4 Bf7 21. Ne3 Nf8 22. Rfd1 Ne6 23. Ng4 Bg6 24. Nxf6+ Kf7 25. Ng4 Bh5 26. Nxe5+ Kf6 27. Nf3 Rhe8 28. e5+ Kg7 29. Rd2 Nac7 30. a4 Rd7 31. Nd4 Nxd4 32. Rxd4 Ne6 33. Rd5 Rf7 34. Rb5 Nd4 35. Rxb6 Bf3 36. Bxf3 Nxf3+ 37. Kg2 Nxe5 38. Bxe5+ Rxe5 39. Ra2 g4 40. a5 Re1 41. h3 h5 42. hxg4 hxg4 43. b5 Rc7 44. Ra4 1-0

[Event "Steyr Landesliga 1718"]
[Site "Austria"]
[Date "2017.10.07"]
[Round "2.1"]
[White "Halvax, Georg"]
[Black "Pilaj, Herwig"]
[Result "1-0"]
[WhiteElo "2419"]
[BlackElo "2359"]
[PlyCount "57"]
[EventDate "2017.09.30"]
[EventType "team-tourn"]
[EventRounds "11"]
[EventCountry "AUT"]
[SourceTitle "CBM 181 Extra"]
[Source "ChessBase"]
[SourceDate "2017.12.12"]
[SourceVersion "1"]
[SourceVersionDate "2017.12.12"]
[SourceQuality "1"]
[WhiteTeam "Leibnitz"]
[BlackTeam "Feldbach Kirchberg"]
[WhiteTeamCountry "AUT"]
[BlackTeamCountry "AUT"]

1. d4 Nf6 2. c4 c5 3. d5 e5 4. Nc3 d6 5. e4 Nbd7 6. Bd3 Be7 7. Nge2 a6 8. f3 Nh5 9. Be3 Bg5 10. Qd2 h6 11. g3 Rb8 12. a4 Qf6 13. f4 exf4 14. gxf4 Bh4+ 15. Kd1 Qe7 16. Kc2 g5 17. e5 gxf4 18. Nxf4 Qxe5 19. Ng2 Bg5 20. Rae1 Kd8 21. h4 Bxe3 22. Nxe3 Rg8 23. Rhf1 b5 24. Rf5 b4 25. Rxe5 bxc3 26. Qxc3 Nxe5 27. Qa5+ Ke7 28. Qc7+ Bd7 29. Nf5+ 1-0

[Event "AUT-ch"]
[Site "Graz"]
[Date "2017.08.19"]
[Round "8"]
[White "Goessler, Markus"]
[Black "Pilaj, Herwig"]
[Result "0-1"]
[WhiteElo "2170"]
[BlackElo "2372"]
[PlyCount "134"]
[EventDate "2017.08.12"]
[EventType "swiss"]
[EventRounds "9"]
[EventCountry "AUT"]
[SourceTitle "CBM 180 Extra"]
[Source "ChessBase"]
[SourceDate "2017.10.06"]
[SourceVersion "1"]
[SourceVersionDate "2017.10.06"]
[SourceQuality "1"]

1. e4 c5 2. Nf3 Nc6 3. d4 cxd4 4. Nxd4 g6 5. c4 Bg7 6. Nc2 d6 7. Be2 Qb6 8. Nc3 Bxc3+ 9. bxc3 Nf6 10. f3 Be6 11. Ne3 0-0 12. Nd5 Bxd5 13. cxd5 Ne5 14. Qd4 Rfc8 15. Qxb6 axb6 16. Kd2 Nc4+ 17. Kc2 b5 18. Bg5 Ra4 19. Rhc1 Rca8 20. Bxc4 bxc4 21. Bxf6 exf6 22. Kb2 f5 23. exf5 gxf5 24. Re1 Kf8 25. Re2 R8a5 26. Rd2 Kg7 27. Rd4 Kf6 28. Rd2 h5 29. h4 f4 30. Rd4 Kf5 31. Rd2 Ra8 32. Re2 R8a5 33. Rd2 f6 34. Rd4 Ra8 35. Re4 R8a5 36. Rd4 Rb5+ 37. Kc2 Rc5 38. Kb2 Ra8 39. Re1 Rca5 40. Ra1 Rg8 41. Rd2 Re8 42. Rad1 Re3 43. Ra1 Ke5 44. Rad1 f5 45. Rd4 Re2+ 46. R1d2 Rxd2+ 47. Rxd2 Rxd5 48. Re2+ Kf6 49. Ka3 Rb5 50. Ka4 Rb1 51. Ka5 d5 52. Ka4 b6 53. Ka3 b5 54. Re8 b4+ 55. cxb4 c3 56. Rc8 d4 57. Ka4 d3 58. Rxc3 d2 59. Rd3 d1Q+ 60. Rxd1 Rxd1 61. Kb5 Ke6 62. a4 Kd6 63. Kb6 Rd4 64. Kb5 Kc7 65. Kc5 Rd2 66. a5 Rxg2 67. Kd5 Rf2 0-1

[Event "AUT-ch"]
[Site "Graz"]
[Date "2017.08.18"]
[Round "7"]
[White "Pilaj, Herwig"]
[Black "Blohberger, Felix"]
[Result "0-1"]
[WhiteElo "2372"]
[BlackElo "2319"]
[PlyCount "154"]
[EventDate "2017.08.12"]
[EventType "swiss"]
[EventRounds "9"]
[EventCountry "AUT"]
[SourceTitle "CBM 180 Extra"]
[Source "ChessBase"]
[SourceDate "2017.10.06"]
[SourceVersion "1"]
[SourceVersionDate "2017.10.06"]
[SourceQuality "1"]

1. c4 e6 2. Nf3 Nf6 3. Nc3 d5 4. d4 Bb4 5. Qa4+ Nc6 6. e3 0-0 7. Qc2 Re8 8. Bd2 Bd7 9. h3 Bd6 10. a3 a6 11. Rd1 dxc4 12. Bxc4 e5 13. 0-0 h6 14. Bc1 Qe7 15. Nh4 exd4 16. Ng6 Qd8 17. exd4 Qc8 18. Qb3 Be6 19. Bxe6 Qxe6 20. Qxe6 fxe6 21. Rfe1 Rad8 22. Kf1 Kf7 23. Ne5+ Bxe5 24. dxe5 Rxd1 25. Nxd1 Nd5 26. f4 Ke7 27. Nf2 Rf8 28. g3 h5 29. h4 Nd4 30. Be3 Nb3 31. Ne4 b6 32. Bf2 c5 33. Rd1 g6 34. Ke2 Rc8 35. Kf3 b5 36. Nd6 Rb8 37. Ne4 c4 38. Bc5+ Nxc5 39. Nxc5 a5 40. Rd4 Rc8 41. Ne4 c3 42. bxc3 Nxc3 43. Nf6 Rd8 44. Rxd8 Kxd8 45. Ke3 Nb1 46. a4 bxa4 47. Kd3 a3 48. Kc2 Nd2 49. Nh7 Ne4 50. Nf8 Ke7 51. Nxg6+ Kf7 52. f5 Nxg3 53. Nf4 Nxf5 54. Nxh5 Nxh4 55. Kb3 Ng6 56. Kxa3 Nxe5 57. Ka4 Nc6 58. Kb5 Ke7 59. Ng3 Kd6 60. Ne4+ Ke5 61. Nc3 Kd4 62. Ne2+ Kd5 63. Nc3+ Kd6 64. Ne4+ Kc7 65. Nd2 e5 66. Nc4 e4 67. Ne3 Kd6 68. Nd1 Kd5 69. Nc3+ Kd4 70. Ne2+ Ke3 71. Nc3 Kd3 72. Nd5 e3 73. Kxc6 a4 74. Kb5 a3 75. Ka4 a2 76. Nb4+ Kd2 77. Nxa2 e2 0-1

[Event "Steyr Landesliga 1617"]
[Site "Austria"]
[Date "2017.03.18"]
[Round "8.2"]
[White "Krebs, Johann"]
[Black "Pilaj, Herwig"]
[Result "1-0"]
[WhiteElo "2271"]
[BlackElo "2382"]
[PlyCount "89"]
[EventDate "2016.10.01"]
[EventType "team-tourn"]
[EventRounds "11"]
[EventCountry "AUT"]
[SourceTitle "EXT 2018"]
[Source "ChessBase"]
[SourceDate "2017.10.13"]
[SourceVersion "1"]
[SourceVersionDate "2017.10.13"]
[SourceQuality "1"]
[WhiteTeam "Frauental Strassenbahn"]
[BlackTeam "Feldbach Kirchberg"]
[WhiteTeamCountry "AUT"]
[BlackTeamCountry "AUT"]

1. d4 Nf6 2. Nf3 e6 3. Bf4 b6 4. e3 Bb7 5. Nbd2 d6 6. Bd3 Nbd7 7. Qe2 h6 8. e4 g5 9. Be3 Ng4 10. 0-0 Nxe3 11. fxe3 g4 12. Ne1 h5 13. Ba6 Bxa6 14. Qxa6 Bh6 15. Qd3 Qg5 16. Kf2 0-0 17. g3 e5 18. c3 c5 19. Ke2 cxd4 20. Rf5 Qxe3+ 21. Qxe3 Bxe3 22. Nc4 Kg7 23. Ng2 Nf6 24. Ngxe3 dxe3 25. Kxe3 d5 26. Nxe5 Nxe4 27. Raf1 f6 28. Nd7 Rfe8 29. Kd3 Rad8 30. Nxf6 Nc5+ 31. Kd2 Ne4+ 32. Kd3 Nc5+ 33. Kd2 Ne4+ 34. Nxe4 dxe4+ 35. Ke3 Rd3+ 36. Ke2 Rf3 37. Rxh5 Kg6 38. Rh4 Kg5 39. Rh7 e3 40. Rg7+ Kf6 41. Rxg4 Rxf1 42. Kxf1 Rd8 43. Rd4 Rh8 44. h4 Ke5 45. Ke2 1-0

[Event "AUT-chT2M 1617"]
[Site "Austria"]
[Date "2017.01.27"]
[Round "6.4"]
[White "Huber, Martin Christian"]
[Black "Pilaj, Herwig"]
[Result "1-0"]
[WhiteElo "2356"]
[BlackElo "2382"]
[PlyCount "81"]
[EventDate "2016.10.07"]
[EventType "team-tourn"]
[EventRounds "11"]
[EventCountry "AUT"]
[SourceTitle "CBM 177 Extra"]
[Source "ChessBase"]
[SourceDate "2017.04.27"]
[SourceVersion "1"]
[SourceVersionDate "2017.04.27"]
[SourceQuality "1"]
[WhiteTeam "Graz Schachfreunde"]
[BlackTeam "Die Klagenfurter"]
[WhiteTeamCountry "AUT"]
[BlackTeamCountry "AUT"]

1. d4 g6 2. e4 Bg7 3. Nf3 d6 4. Bd3 e5 5. dxe5 dxe5 6. 0-0 Nd7 7. Be3 Ngf6 8. c3 0-0 9. Na3 Qe7 10. Bc2 Nc5 11. Qb1 a5 12. Nc4 Ng4 13. Bg5 Qe6 14. Nfd2 h6 15. Bh4 b5 16. Nxa5 Rxa5 17. b4 Nxe4 18. Nxe4 Ra7 19. h3 g5 20. Bg3 Nf6 21. Nc5 Qe7 22. Re1 Nd5 23. Qb3 Nf4 24. Be4 Kh8 25. Bc6 f5 26. f3 Qd6 27. Bxb5 e4 28. Bf2 exf3 29. Rad1 Qg6 30. Nd7 Bxd7 31. Rxd7 fxg2 32. Ree7 Qh5 33. Rxg7 Nxh3+ 34. Kxg2 Nf4+ 35. Kg1 Qg4+ 36. Kf1 Qg2+ 37. Ke1 Re8+ 38. Rge7 Rxe7+ 39. Rxe7 Qh1+ 40. Kd2 Nd5 41. Re8+ 1-0

[Event "Steyr Landesliga 1617"]
[Site "Austria"]
[Date "2016.10.15"]
[Round "2.1"]
[White "Kreisl, Robert"]
[Black "Pilaj, Herwig"]
[Result "1/2-1/2"]
[WhiteElo "2448"]
[BlackElo "2382"]
[PlyCount "42"]
[EventDate "2016.10.01"]
[EventType "team-tourn"]
[EventRounds "11"]
[EventCountry "AUT"]
[SourceTitle "CBM 175 Extra"]
[Source "ChessBase"]
[SourceDate "2016.12.12"]
[SourceVersion "1"]
[SourceVersionDate "2016.12.12"]
[SourceQuality "1"]
[WhiteTeam "Gleisdorf"]
[BlackTeam "Feldbach Kirchberg"]
[WhiteTeamCountry "AUT"]
[BlackTeamCountry "AUT"]

1. Nf3 c5 2. c4 g6 3. d4 cxd4 4. Nxd4 Bg7 5. e4 Nc6 6. Be3 Nf6 7. Nc3 0-0 8. Be2 d6 9. 0-0 Bd7 10. Qd2 Nxd4 11. Bxd4 Bc6 12. f3 a5 13. b3 Nd7 14. Be3 Nc5 15. Rab1 Be5 16. a3 e6 17. b4 Qh4 18. g3 Bxg3 19. hxg3 Qxg3+ 20. Kh1 Qh3+ 21. Kg1 Qg3+ 1/2-1/2

[Event "AUT-ch"]
[Site "St Johann im Pongau"]
[Date "2016.07.29"]
[Round "7"]
[White "Pilaj, Herwig"]
[Black "Schneider Zinner, Harald"]
[Result "1/2-1/2"]
[WhiteElo "2385"]
[BlackElo "2375"]
[PlyCount "86"]
[EventDate "2016.07.23"]
[EventType "swiss"]
[EventRounds "9"]
[EventCountry "AUT"]
[SourceTitle "CBM 173 Extra"]
[Source "ChessBase"]
[SourceDate "2016.08.29"]
[SourceVersion "1"]
[SourceVersionDate "2016.08.29"]
[SourceQuality "1"]

1. Nf3 d5 2. g3 Nf6 3. Bg2 c5 4. 0-0 e6 5. d3 Nc6 6. Nbd2 g6 7. c3 Bg7 8. Nb3 b6 9. Bg5 h6 10. Bf4 0-0 11. Qc1 Kh7 12. Ne5 Bb7 13. a4 a5 14. d4 Nh5 15. Nxc6 Bxc6 16. dxc5 Nxf4 17. gxf4 Rb8 18. Qd2 bxc5 19. Nxc5 Qb6 20. Nd3 Rfc8 21. Rfc1 Be8 22. Ra2 Rc4 23. Rca1 Rbc8 24. e3 Qb3 25. Nc1 Qb6 26. Nd3 Qb3 27. Nc1 Qb6 28. Ne2 Rb8 29. Nd4 Bxd4 30. exd4 Qb3 31. Bf1 Rxa4 32. Rxa4 Bxa4 33. Bd3 Bc6 34. Qe1 a4 35. h4 h5 36. Kg2 Bb5 37. Bxb5 Qxb5 38. Qe5 Rb7 39. Qf6 Qe2 40. Rxa4 Qg4+ 41. Kh2 Qf3 42. Rb4 Qxf2+ 43. Kh3 Qf3+ 1/2-1/2

[Event "AUT-ch"]
[Site "St Johann im Pongau"]
[Date "2016.07.24"]
[Round "2"]
[White "Mostbauer, Maximilian"]
[Black "Pilaj, Herwig"]
[Result "0-1"]
[WhiteElo "2184"]
[BlackElo "2385"]
[PlyCount "66"]
[EventDate "2016.07.23"]
[EventType "swiss"]
[EventRounds "9"]
[EventCountry "AUT"]
[SourceTitle "CBM 173 Extra"]
[Source "ChessBase"]
[SourceDate "2016.08.29"]
[SourceVersion "1"]
[SourceVersionDate "2016.08.29"]
[SourceQuality "1"]

1. d4 g6 2. Nf3 Bg7 3. c4 c5 4. e3 Nf6 5. g3 d5 6. Bg2 dxc4 7. Qa4+ Nc6 8. Ne5 0-0 9. Nxc6 bxc6 10. Qxc6 cxd4 11. Qxa8 Qa5+ 12. Bd2 Qb6 13. 0-0 Qxb2 14. exd4 Qxa1 15. Qxa7 Qb2 16. Qa3 Qxd4 17. Qxe7 Bf5 18. Bc3 Qb6 19. Nd2 Bd3 20. Rc1 Ng4 21. Qe1 Bh6 22. Bf3 Nxf2 23. Kg2 Be3 24. Ra1 Qe6 25. g4 f5 26. Bd4 f4 27. h3 Re8 28. Bxe3 fxe3 29. Nf1 Bxf1+ 30. Qxf1 Nd3 31. Be2 Rf8 32. Bxd3 Rxf1 33. Bxf1 Qe4+ 0-1

[Event "AUT-chT2M 1516"]
[Site "Austria"]
[Date "2016.04.15"]
[Round "9.4"]
[White "Pilaj, Herwig"]
[Black "Jurek, Josef"]
[Result "1/2-1/2"]
[WhiteElo "2383"]
[BlackElo "2287"]
[PlyCount "233"]
[EventDate "2015.10.02"]
[EventType "team-tourn"]
[EventRounds "11"]
[EventCountry "AUT"]
[SourceTitle "EXT 2017"]
[Source "ChessBase"]
[SourceDate "2016.10.25"]
[SourceVersion "1"]
[SourceVersionDate "2016.10.25"]
[SourceQuality "1"]
[WhiteTeam "Fuerstenfeld/Hartberg"]
[BlackTeam "Hartkirchen Union"]
[WhiteTeamCountry "AUT"]
[BlackTeamCountry "AUT"]

1. Nf3 Nf6 2. g3 b6 3. Bg2 Bb7 4. 0-0 c5 5. d3 d5 6. c4 e6 7. cxd5 Nxd5 8. Nc3 Be7 9. Qa4+ Bc6 10. Qc2 0-0 11. Rd1 Qe8 12. Nxd5 Bxd5 13. e4 Bb7 14. d4 Nc6 15. dxc5 Bxc5 16. a3 e5 17. b4 Nd4 18. Nxd4 Bxd4 19. Bb2 Rc8 20. Qb3 Bxb2 21. Qxb2 Qe6 22. Rd2 Rfd8 23. Rad1 Rxd2 24. Qxd2 g6 25. h4 h5 26. Qd7 Qb3 27. Rd3 Qb1+ 28. Kh2 Rf8 29. Re3 Bc8 30. Qxa7 Qb2 31. Rf3 Qd4 32. Qc7 Bg4 33. Re3 Rc8 34. Qe7 Rc2 35. Qf6 Qd2 36. Rb3 Qxf2 37. Qxf2 Rxf2 38. a4 Ra2 39. a5 bxa5 40. b5 Bc8 41. b6 Bb7 42. Kg1 a4 43. Rb5 a3 44. Ra5 Kg7 45. Ra7 Rb2 46. Rxa3 Rxb6 47. Ra2 Rb4 48. Re2 Ba6 49. Rd2 Rd4 50. Rc2 Bd3 51. Rd2 Bb1 52. Re2 Rd1+ 53. Kf2 Bd3 54. Rb2 Ra1 55. Ke3 Ra3 56. Kf2 Bc4 57. Rc2 Ra4 58. Rb2 Be6 59. Bf3 Kf6 60. Rd2 Ke7 61. Ke3 Bc4 62. Bg2 Ra3+ 63. Kf2 Be6 64. Bf3 Bg4 65. Bg2 Be6 66. Bf3 Ra2 67. Rxa2 Bxa2 68. Ke3 Be6 69. Be2 Kd6 70. Ba6 Kc5 71. Be2 Kb4 72. Ba6 Kc3 73. Bb5 Kc2 74. Be2 Kc1 75. Bb5 Kd1 76. Ba6 Ke1 77. Bb5 Bb3 78. Ba6 f6 79. Bb5 Bf7 80. Ba6 Be6 81. Bb5 Bf7 82. Ba6 Kd1 83. Bb5 Kc2 84. Bc6 Kd1 85. Bd5 Be8 86. Bb3+ Ke1 87. Bc4 g5 88. Be2 Bf7 89. Bb5 Kd1 90. Be2+ Kc2 91. Bb5 Kc3 92. Be2 Kb4 93. Bd1 Kc5 94. Be2 Kd6 95. Bd1 Ke7 96. Be2 Kf8 97. Bd1 Kg7 98. Be2 Kg6 99. Bd3 Be6 100. Bb5 Bf7 101. Bd7 Kg7 102. Bc8 Bb3 103. Bd7 Bd1 104. Bc8 Kh6 105. Bd7 Bg4 106. Bb5 Be6 107. Be8 f5 108. exf5 Bxf5 109. Bf7 Bg6 110. Bd5 gxh4 111. gxh4 Kg7 112. Bf3 Be8 113. Be2 Kf6 114. Bf1 Bd7 115. Be2 Kg6 116. Bd3+ Bf5 117. Bb5 1/2-1/2

[Event "AUT-chT2M 1516"]
[Site "Austria"]
[Date "2016.02.28"]
[Round "8.3"]
[White "Weiss, Christian"]
[Black "Pilaj, Herwig"]
[Result "1/2-1/2"]
[WhiteElo "2381"]
[BlackElo "2383"]
[PlyCount "90"]
[EventDate "2015.10.02"]
[EventType "team-tourn"]
[EventRounds "11"]
[EventCountry "AUT"]
[SourceTitle "EXT 2017"]
[Source "ChessBase"]
[SourceDate "2016.10.25"]
[SourceVersion "1"]
[SourceVersionDate "2016.10.25"]
[SourceQuality "1"]
[WhiteTeam "Ansfelden"]
[BlackTeam "Fuerstenfeld/Hartberg"]
[WhiteTeamCountry "AUT"]
[BlackTeamCountry "AUT"]

1. g3 g6 2. Bg2 Bg7 3. e4 e5 4. Ne2 c5 5. f4 exf4 6. Nxf4 Nc6 7. Nc3 Nf6 8. d3 d6 9. h3 h5 10. Be3 h4 11. g4 Nh7 12. Qd2 Bd4 13. Bxd4 cxd4 14. Nce2 0-0 15. 0-0 Be6 16. Kh1 Rc8 17. c4 dxc3 18. bxc3 Ne5 19. Rab1 b6 20. c4 Qg5 21. Rf2 Nf6 22. Nd4 Nfd7 23. Nfxe6 Qxd2 24. Rxd2 fxe6 25. Nxe6 Rf6 26. Nd4 Nc5 27. Rbd1 Rcf8 28. Nc2 Rf2 29. Ne1 Ne6 30. Kg1 R2f6 31. Rc2 Nd4 32. Rb2 Kg7 33. a4 Kh6 34. Rdd2 Nef3+ 35. Nxf3 Nxf3+ 36. Bxf3 Rxf3 37. a5 bxa5 38. Rb5 Rg3+ 39. Rg2 Rxd3 40. g5+ Kh5 41. Rb7 Rg3 42. Rxg3 hxg3 43. Kg2 Kxg5 44. Kxg3 Rc8 45. Rxa7 Rxc4 1/2-1/2

[Event "AUT-chT2M 1516"]
[Site "Austria"]
[Date "2016.02.27"]
[Round "7.2"]
[White "Hajnal, Zoltan"]
[Black "Pilaj, Herwig"]
[Result "1/2-1/2"]
[WhiteElo "2319"]
[BlackElo "2383"]
[PlyCount "44"]
[EventDate "2015.10.02"]
[EventType "team-tourn"]
[EventRounds "11"]
[EventCountry "AUT"]
[SourceTitle "EXT 2017"]
[Source "ChessBase"]
[SourceDate "2016.10.25"]
[SourceVersion "1"]
[SourceVersionDate "2016.10.25"]
[SourceQuality "1"]
[WhiteTeam "St Valentin"]
[BlackTeam "Fuerstenfeld/Hartberg"]
[WhiteTeamCountry "AUT"]
[BlackTeamCountry "AUT"]

1. e4 e6 2. d4 d5 3. Nc3 Bb4 4. Nge2 Nc6 5. a3 Ba5 6. Be3 Nge7 7. e5 0-0 8. Ng3 f6 9. exf6 Rxf6 10. Bd3 e5 11. dxe5 Nxe5 12. Bxh7+ Kxh7 13. Qh5+ Kg8 14. Qxe5 Nc6 15. Qh5 d4 16. 0-0-0 Bxc3 17. bxc3 Qe7 18. cxd4 Qxa3+ 19. Kd2 Qb4+ 20. Kc1 Qa3+ 21. Kd2 Qb4+ 22. Kc1 Qa3+ 1/2-1/2

[Event "Steyr Landesliga 1516"]
[Site "Austria"]
[Date "2016.02.06"]
[Round "7.1"]
[White "Pilaj, Herwig"]
[Black "Diermair, Andreas"]
[Result "1/2-1/2"]
[WhiteElo "2383"]
[BlackElo "2463"]
[PlyCount "80"]
[EventDate "2015.09.26"]
[EventType "team-tourn"]
[EventRounds "11"]
[EventCountry "AUT"]
[SourceTitle "EXT 2017"]
[Source "ChessBase"]
[SourceDate "2016.10.25"]
[SourceVersion "1"]
[SourceVersionDate "2016.10.25"]
[SourceQuality "1"]
[WhiteTeam "Feldbach Kirchberg"]
[BlackTeam "Trofaiach Niklasdorf"]
[WhiteTeamCountry "AUT"]
[BlackTeamCountry "AUT"]

1. e4 e5 2. Nf3 Nc6 3. Bb5 a6 4. Ba4 Nf6 5. 0-0 Be7 6. Bxc6 dxc6 7. d3 Nd7 8. Nbd2 0-0 9. a4 Re8 10. Nc4 Bf8 11. b3 f6 12. Nh4 Nc5 13. Nf5 Ne6 14. Kh1 c5 15. Nfe3 Bd7 16. Nd5 Bc6 17. Nce3 Qd7 18. a5 Rad8 19. Qg4 Kh8 20. Qh5 Nd4 21. Bb2 Bxd5 22. exd5 g6 23. Qd1 f5 24. c3 Nb5 25. Re1 Bg7 26. c4 Nd4 27. Bxd4 cxd4 28. Nf1 c6 29. dxc6 bxc6 30. b4 Rb8 31. Rb1 Rb7 32. Nd2 Reb8 33. Qa4 Qd6 34. c5 Qd5 35. Nc4 e4 36. Nb6 Qe6 37. Qb3 Re7 38. Qxe6 Rxe6 39. Kg1 Rbe8 40. Kf1 Kg8 1/2-1/2

[Event "AUT-chT2M 1516"]
[Site "Austria"]
[Date "2015.11.15"]
[Round "5.5"]
[White "Karner, Christoph"]
[Black "Pilaj, Herwig"]
[Result "1/2-1/2"]
[WhiteElo "2310"]
[BlackElo "2383"]
[PlyCount "115"]
[EventDate "2015.10.02"]
[EventType "team-tourn"]
[EventRounds "11"]
[EventCountry "AUT"]
[SourceTitle "EXT 2017"]
[Source "ChessBase"]
[SourceDate "2016.10.25"]
[SourceVersion "1"]
[SourceVersionDate "2016.10.25"]
[SourceQuality "1"]
[WhiteTeam "Graz Austria"]
[BlackTeam "Fuerstenfeld/Hartberg"]
[WhiteTeamCountry "AUT"]
[BlackTeamCountry "AUT"]

1. d4 Nf6 2. Nf3 g6 3. c4 Bg7 4. Nc3 d6 5. e4 0-0 6. Be2 c5 7. d5 e6 8. 0-0 Re8 9. h3 Na6 10. Bg5 exd5 11. exd5 Qb6 12. Qd2 Bf5 13. Nh4 Bd7 14. Bd3 Qb4 15. Bf4 Qb6 16. Rae1 Rxe1 17. Rxe1 Re8 18. Rxe8+ Nxe8 19. b3 Qb4 20. Ne4 f5 21. Ng5 Qxd2 22. Bxd2 Nac7 23. g3 Nf6 24. Bc3 Nh5 25. Bxg7 Kxg7 26. Ng2 h6 27. Nf3 g5 28. h4 Kf6 29. hxg5+ hxg5 30. Kf1 b5 31. Ke2 f4 32. gxf4 Nxf4+ 33. Nxf4 gxf4 34. Nd2 Bg4+ 35. f3 Bd7 36. Bh7 Ke5 37. Kd3 bxc4+ 38. bxc4 Na6 39. a3 Be8 40. Nb3 Nb8 41. Na5 a6 42. Kc3 Nd7 43. Kb2 Nb8 44. Kc3 Nd7 45. Kd3 Nb6 46. Be4 Ba4 47. Bh7 Bd1 48. Be4 Ba4 49. Bh7 Bd1 50. Be4 Nd7 51. Kd2 Ba4 52. Kc3 Kf6 53. Nc6 Bd1 54. Kd2 Ba4 55. Nd8 Nf8 56. Nc6 Nd7 57. Nd8 Nf8 58. Nc6 1/2-1/2

[Event "AUT-chT2M 1516"]
[Site "Austria"]
[Date "2015.11.14"]
[Round "4.5"]
[White "Pilaj, Herwig"]
[Black "Schnider, Gert"]
[Result "1/2-1/2"]
[WhiteElo "2383"]
[BlackElo "2340"]
[PlyCount "58"]
[EventDate "2015.10.02"]
[EventType "team-tourn"]
[EventRounds "11"]
[EventCountry "AUT"]
[SourceTitle "EXT 2017"]
[Source "ChessBase"]
[SourceDate "2016.10.25"]
[SourceVersion "1"]
[SourceVersionDate "2016.10.25"]
[SourceQuality "1"]
[WhiteTeam "Fuerstenfeld/Hartberg"]
[BlackTeam "Graz Schachfreunde"]
[WhiteTeamCountry "AUT"]
[BlackTeamCountry "AUT"]

1. Nf3 Nf6 2. g3 c5 3. Bg2 g6 4. d3 Bg7 5. e4 d6 6. 0-0 Nc6 7. c3 0-0 8. Re1 e5 9. a3 Re8 10. b4 b6 11. Bb2 Ba6 12. c4 Bb7 13. Qb3 Qd7 14. Nc3 Nd4 15. Nxd4 cxd4 16. Ne2 h5 17. a4 Bh6 18. h4 Qe7 19. a5 Ng4 20. Bc1 Bxc1 21. Rexc1 Kg7 22. Qb2 Rh8 23. axb6 axb6 24. Rxa8 Rxa8 25. b5 Nf6 26. Bh3 Qd8 27. Ra1 Kf8 28. Ra3 Rxa3 29. Qxa3 Qa8 1/2-1/2